000 00197 a2200109 4500
020 _a9788466319621
041 _aspa
100 _aMontero, Rosa
245 _apasiones
942 _cBK
952 _71
999 _c18500
_d18500